Представление документа в формате RUSMARC

Поле Инд. ПП Название Значение
Тип записи a
Библиографический уровень a
001 Контрольный номер 80b1c1b1638e43bdb14b7990f1d11e5b
005 Дата корректировки 20181120134523.0
100 a Данные общей обработки 20180621 ||| 0rusy0189 ca
101 0_ a Язык текста rus
102 a Страна публикации RU
200 1_ f Первые сведения об ответственности С.А. Бурмистрова
a Заглавие Устранение угрозы нарушения и пресечение нарушения как способы защиты правовых интересов
210 d Дата издания 2018
461 _0 1 2000
a Арбитражный и гражданский процесс
463 _0 1 2000
a №5
v С. 25-29
1 2101
d 2018
1 00119566db5f7d14de8b26f6d9efd71e827
606 a Основная рубрика Гражданское и торговое право
610 0_ a Ключевые слова ИНТЕРЕС; ЗАЩИТА ГРАЖДАНСКИХ ПРАВ
700 _1 a Фамилия Бурмистрова
b Имя С.А.
801 _0 a Страна RU
b Организация РГУП
c Дата составления 20180621
g Правила каталогизации PSBO
801 _1 a Страна RU
b Организация РГУП
c Дата составления 20180621
g Правила каталогизации PSBO
901 t Тип документа b
w Контрольный № источника 19566db5f7d14de8b26f6d9efd71e827
905 a Дата ввода 20180621